Doing business anywhere : the essential guide to going global.
| Main Author: | |
|---|---|
| Format: | Book |
| Published: |
New Jersey:
John Wiley & Sons,
2007.
|
| Subjects: |
| LEADER | 00462cam a2200145 7i4500 | ||
|---|---|---|---|
| 001 | 0000021209 | ||
| 005 | 20080512090000.0 | ||
| 020 | 0 | 0 | |a 9780471973171 |
| 090 | 0 | 0 | |a B 658.049 |b TRA |
| 100 | 2 | 0 | |a Travis |
| 245 | 0 | 0 | |a Doing business anywhere : |b the essential guide to going global. |
| 260 | 0 | 0 | |a New Jersey: |b John Wiley & Sons, |c 2007. |
| 300 | # | # | |a 202 p. |
| 650 | 0 | 0 | |a International business enterprises -- |x Management |
| 999 | |a B000022038 |b Book |c Book |e Business Information Centre | ||


